000 00552nam a22001577a 4500
999 _c534567
_d534567
020 _qHard Cover.
082 _a670
100 _aMuhammd Umer.
245 _aDevelopment of Neural Augmented Ant Colony Optimization (NaACO) Techniques for Scheduling Problems /
_cMuhammd Umer.
260 _aIslamabad :
_b670
_c2014.
300 _axii, 169 p. : ill. ;
_c30cm.
942 _2ddc
_cTHE
650 _aIndustrial and Manufacturing Engineering - MS Thesis.
_916206
700 _aDr. Riaz Ahmad.
_920988